Detalles MARC
| 000 -LEADER |
| fixed length control field |
01592nam a2200421 a 4500 |
| 008 - CAMPO DE CONTROL (LIBRO) |
| fixed length control field |
230412e2000 ag ||||f |||| 001 0 spa d |
| 020 ## - INTERNATIONAL STANDARD BOOK NUMBER |
| ISBN |
9562781070 |
| 041 ## - CODIGO DE IDIOMA |
| Código de idioma del texto/pista de sonido o título separado |
spa |
| 092 ## - SIGNATURA TOPOGRAFICA DEWEY LOCAL |
| número de clasificación |
618.92 |
| libristica |
28 |
| sección |
GEN |
| 100 1# - ENTRADA PRINCIPAL--NOMBRE PERSONAL |
| Nombre personal |
Gentile Ramos, Irma |
| 9 (RLIN) |
4195 |
| 245 ## - TITULO PROPIAMENTE DICHO |
| Título |
Semiología pediátrica / |
| Mención de responsabilidad y remanente de la transcripción de la portada |
Irma Gentile Ramos |
| 250 ## - MENCION DE EDICION |
| Mención de edición |
2a ed. |
| 260 ## - PIE DE IMPRENTA |
| Lugar de publicación, distribución, etc |
Santiago (Chile): |
| Nombre de la editorial, distribuidor, etc |
McGraw-Hill Interamericana; |
| Fecha de publicación |
2000. |
| 300 ## - DESCRIPCION FISICA |
| Extension |
380 p. |
| 500 ## - NOTA GENERAL |
| Nota general |
Gentile Ramos, I. (2000). Semiología pediátrica. (2a ed.). Santiago (Chile) : MacGraw-Hill Interamericana. |
| 653 ## - TÉRMINO INDIZADO - PALABRAS CLAVES |
| Palabra clave |
Semiología pediátrica |
| 653 3# - TÉRMINO INDIZADO - PALABRAS CLAVES |
| Palabra clave |
El niño y su entorno |
| 653 ## - TÉRMINO INDIZADO - PALABRAS CLAVES |
| Palabra clave |
Evaluación de medio socioeconómico, educacional y cultural |
| 653 ## - TÉRMINO INDIZADO - PALABRAS CLAVES |
| Palabra clave |
Exploración del crecimiento somático |
| 653 ## - TÉRMINO INDIZADO - PALABRAS CLAVES |
| Palabra clave |
Exploración del desarrollo psíquico |
| 653 ## - TÉRMINO INDIZADO - PALABRAS CLAVES |
| Palabra clave |
Nutrición del lactante |
| 653 ## - TÉRMINO INDIZADO - PALABRAS CLAVES |
| Palabra clave |
Desequilibrios hidroelectrolíticos y estado ácido-base |
| 653 ## - TÉRMINO INDIZADO - PALABRAS CLAVES |
| Palabra clave |
Aparato respiratorio |
| 653 ## - TÉRMINO INDIZADO - PALABRAS CLAVES |
| Palabra clave |
Alergia y asma bronquial |
| 653 ## - TÉRMINO INDIZADO - PALABRAS CLAVES |
| Palabra clave |
Semiología cardiovascular |
| 653 ## - TÉRMINO INDIZADO - PALABRAS CLAVES |
| Palabra clave |
Exploración de boca y garganta |
| 653 ## - TÉRMINO INDIZADO - PALABRAS CLAVES |
| Palabra clave |
Exploración del abdomen |
| 653 ## - TÉRMINO INDIZADO - PALABRAS CLAVES |
| Palabra clave |
Exploración esófago, estómago e intestinos |
| 653 ## - TÉRMINO INDIZADO - PALABRAS CLAVES |
| Palabra clave |
Exploración higado y vías biliares |
| 653 ## - TÉRMINO INDIZADO - PALABRAS CLAVES |
| Palabra clave |
Medicina nuclear en gastroenterología |
| 653 ## - TÉRMINO INDIZADO - PALABRAS CLAVES |
| Palabra clave |
Exploración aparato urinario |
| 653 ## - TÉRMINO INDIZADO - PALABRAS CLAVES |
| Palabra clave |
Exploración órganos hemocitopoyéticos |
| 653 ## - TÉRMINO INDIZADO - PALABRAS CLAVES |
| Palabra clave |
Exploración sistema endócrino |
| 653 ## - TÉRMINO INDIZADO - PALABRAS CLAVES |
| Palabra clave |
Semiología neurológica |
| 653 ## - TÉRMINO INDIZADO - PALABRAS CLAVES |
| Palabra clave |
Exploración de la piel |
| 653 3# - TÉRMINO INDIZADO - PALABRAS CLAVES |
| Palabra clave |
El laboratorio y el diagnóstico |
| 942 ## - ADDED ENTRY ELEMENTS (KOHA) |
| Source of classification or shelving scheme |
Dewey Decimal Classification |
| Item type |
Libros |